JCT: Contractor collateral warranty for a funder 2016 (Record no. 122115)
[ view plain ]
| 000 -LEADER | |
|---|---|
| fixed length control field | 00843nam a2200229 a 4500 |
| 005 - DATE AND TIME OF LATEST TRANSACTION | |
| control field | 20250305153213.0 |
| 008 - FIXED-LENGTH DATA ELEMENTS--GENERAL INFORMATION | |
| fixed length control field | 250305s2016 enkk 000 0 eng d |
| 020 ## - INTERNATIONAL STANDARD BOOK NUMBER | |
| ISBN | 9780414054691 |
| 041 ## - LANGUAGE CODE | |
| Language code of text/sound track or separate title | eng |
| 245 00 - TITLE STATEMENT | |
| Title | JCT: Contractor collateral warranty for a funder 2016 |
| Subtitle | CWa/F 2016 |
| 246 17 - VARIANT TITLE | |
| Title | CWa/F |
| 260 ## - PUBLICATION INFORMATION | |
| Place of publication | London : |
| Publisher | Thomson Reuters, |
| Date | 2016 |
| 300 ## - PHYSICAL DESCRIPTION | |
| Physical description | ii, 19 p. : |
| Other physical details | forms ; |
| Dimensions | 30 cm. |
| 520 ## - ABSTRACT | |
| Abstract | This warranty may be given by a contractor to a provider of finance "funder" for proposed building works |
| 520 ## - ABSTRACT | |
| Abstract | This contract has been superseded and no longer complies with the current legislation |
| 650 #0 - KEYWORDS | |
| Keywords | Construction contracts |
| Geographic subdivision | Great Britain. |
| 650 #0 - KEYWORDS | |
| Keywords | Warranty |
| Geographic subdivision | Great Britain. |
| 651 ## - SUBJECT ADDED ENTRY--GEOGRAPHIC NAME | |
| Geographic name | United Kingdom |
| 690 ## - BROAD SUBJECT | |
| Broad subject | Construction management |
| 9 (RLIN) | 6230 |
| 710 2# - ADDED CORPORATE NAME | |
| Added corporate author | Joint Contracts Tribunal. |
| 942 ## - ADDED ENTRY ELEMENTS (KOHA) | |
| Suppress in OPAC | Do not suppress in OPAC |
| Lost status | Damaged status | Not for loan | Home library | Current library | Shelving location | Date acquired | Total Checkouts | Full call number | Date last seen | Price effective from | Koha item type |
|---|---|---|---|---|---|---|---|---|---|---|---|
| London | London | Boxed set | 05/03/2025 | JCT CONTRACTS | 05/03/2025 | 05/03/2025 | Book |